ბათუმის შოთა რუსთაველის სახელმწიფო უნივერსიტეტის ბიბლიოთეკა

ეტრუსკული სარკე (ბიბ.ჩანაწერი № 50103)

000 -LEADER
fixed length control field 01017nam a2200253Ia 4500
001 - CONTROL NUMBER
control field 17041
003 - CONTROL NUMBER IDENTIFIER
control field GE_BSU
008 - FIXED-LENGTH DATA ELEMENTS--GENERAL INFORMATION
fixed length control field 181216s||||||||xx |||||||||||||| ||und||
040 ## - CATALOGING SOURCE
Transcribing agency GE_BSU
080 ## - UNIVERSAL DECIMAL CLASSIFICATION NUMBER
Universal Decimal Classification number 902(375) + 94(375) + 39(=342.1) + 821.161.1-32
100 ## - MAIN ENTRY--PERSONAL NAME
Personal name ნემიროვსკი, ალექსანდრე
245 ## - TITLE STATEMENT
Title ეტრუსკული სარკე
245 ## - TITLE STATEMENT
Remainder of title არქეოლოგიურ ძიებათა ისტორია. მოთხრობები
245 ## - TITLE STATEMENT
Statement of responsibility, etc. წინასიტყვ. ავ.: გრ. გიორგაძე
260 ## - PUBLICATION, DISTRIBUTION, ETC.
Place of publication, distribution, etc. თბილისი
260 ## - PUBLICATION, DISTRIBUTION, ETC.
Name of publisher, distributor, etc. ნაკადული
260 ## - PUBLICATION, DISTRIBUTION, ETC.
Date of publication, distribution, etc. 1974
300 ## - PHYSICAL DESCRIPTION
Extent 209გვ. 23სმ.
653 ## - INDEX TERM--UNCONTROLLED
Uncontrolled term არქეოლოგია
653 ## - INDEX TERM--UNCONTROLLED
Uncontrolled term არქეოლოგიურ ძიებათა ისტორია. მოთხრობები
653 ## - INDEX TERM--UNCONTROLLED
Uncontrolled term ეტრუსკები;
653 ## - INDEX TERM--UNCONTROLLED
Uncontrolled term ეტრუსკული სარკე
942 ## - ADDED ENTRY ELEMENTS (KOHA)
Koha item type წიგნი
ეგზემპლარები
Withdrawn status Lost status Damaged status Not for loan Date acquired Barcode Date last seen Price effective from Koha item type
        2018-12-17 21411 2018-12-17 2018-12-17 წიგნი
        2018-12-17 21412 2018-12-17 2018-12-17 წიგნი